| 000 | 01017nam a2200265Ia 4500 | ||
|---|---|---|---|
| 003 | OSt | ||
| 005 | 20221005104834.0 | ||
| 006 | a|||||r|||| 00| 0 | ||
| 007 | ta | ||
| 008 | 221004b |||||||| |||| 00| 0 hin d | ||
| 020 |
_a8173120471 (hbk) _c495 |
||
| 024 | _a100698 | ||
| 037 |
_b404, 22/03/2010, Swaraj Prakashan _cTextual |
||
| 040 |
_aCRL _cCRL _bhin |
||
| 041 |
_2hin _ahin |
||
| 082 | _a4(Y), 152P5 | ||
| 100 | _aझुनझुनवाला, भरत | ||
| 245 | 0 | _aसामाजिक पत्रकारिता | |
| 246 | _aSāmājik patrakāritā | ||
| 260 |
_aदिल्ली _bश्री नटराज प्रकाशन भारत _c2005 |
||
| 300 |
_a256पृ0 _ccm. |
||
| 700 |
_a झुनझुनवाला, मधु, संपा. _9160504 |
||
| 942 |
_h4(Y), 152P5 _cTEXL _2cc |
||
| 999 |
_c1013944 _d1013944 |
||